| 000 | 00578nam a2200241Ia 4500 | ||
|---|---|---|---|
| 005 | 20250425162832.0 | ||
| 008 | 250425s9999 xx 000 0 und d | ||
| 020 | _a0124759580 | ||
| 041 | _aeng | ||
| 044 | _a-us | ||
| 082 |
_a547.84 _pFAV |
||
| 100 | _aFAVA, R. A. | ||
| 245 | 0 | _aPOLYMERS: PART C: PHYSICAL PROPERTIES | |
| 250 | _aS.E. | ||
| 264 |
_aEstados Unidos, NEW YORK _bACADEMIC PRESS _c1980. |
||
| 300 | _a528 | ||
| 362 | _a16 | ||
| 650 | _aDIELECTRICOS | ||
| 650 | _aPOLIMEROS | ||
| 650 | _aQUIMICA DE LOS POLIMEROS | ||
| 942 | _c01 | ||
| 010 | _a111221 | ||
| 999 |
_c237401 _d237401 |
||